Guess the Niche NBA Player by Picture #2 - Statistics

General Stats
  • This quiz has been taken 60 times
  • The average score is 5 of 14
Answer Stats
Picture Answer % Correct
Kris Dunn
82%
Dante Exum
59%
Tyreke Evans
55%
Rodney Hood
49%
Tyson Chandler
47%
Cory Joseph
43%
Bismack Biyombo
41%
Brandon Jennings
41%
Alec Burks
39%
Shake Milton
37%
Omri Casspi
22%
Kyle Guy
14%
Georges Niang
8%
Maurice Harkless
0%
No matching quizzes found
Score Distribution
Percent of People with Each Score
Percentile by Number Answered
Your Score History
You have not taken this quiz